Türkçede A ile Başlayan Erkek İsimleri - Statistics

General Stats
  • This quiz has been taken 2 871 times
  • The average score is 5 of 32
Answer Stats
Answer % Correct
Ahmet
93%
Ali
82%
Arda
63%
Ata
35%
Adem
24%
Alper
22%
Adnan
18%
Aziz
16%
Alican
15%
Alperen
15%
Adil
14%
Aykut
11%
Alparslan
10%
Acar
9%
Acun
9%
Ahi
6%
Agah
5%
Amir
5%
Aykan
5%
Alişan
4%
Aşkın
4%
Atalay
3%
Alpaslan
2%
Aytekin
2%
Affan
1%
Ammar
1%
Ayvaz
1%
Afşa
0%
Alişir
0%
Altemur
0%
Ataullah
0%
Avşar
0%
No matching quizzes found
Score Distribution
Percent of People with Each Score
Percentile by Number Answered
Your Score History
You have not taken this quiz